000
00321nam a22001337a 4500
008
170511b xxu||||| |||| 00| 0 eng d
020
_a
9780314274670
041
_a
eng
080
_a
34
100
_a
15
101
_a
shj
245
_a
profesional responsibility rules statutes
_c
dzienkowski.j.s
942
_2
udc
_c
BK
999
_c
13070
_d
13070